Metodología de costeo y presupuestación para mejorar la ejecutoría del Laboratorio de la Subdirección de Geotecnia y Materiales del Ministerio de Obras Públicas y Transportes
Salvato in:
| Autore principale: | |
|---|---|
| Altri autori: | |
| Natura: | Libro |
| Pubblicazione: |
[San José, Costa Rica]
2006
|
| Soggetti: | |
| Tags: |
Aggiungi Tag
Nessun Tag, puoi essere il primo ad aggiungerne!!
|
MARC
| LEADER | 00000nam a2200000Ia 4500 | ||
|---|---|---|---|
| 003 | 009647 | ||
| 005 | 20221231144125.0 | ||
| 008 | 140114s2006 cr a m 000 ||s d | ||
| 040 | |c cru CEDI | ||
| 090 | |a TFG 5182 | ||
| 100 | |a Álvarez Baez, Gustavo Augusto |9 5768 | ||
| 245 | |a Metodología de costeo y presupuestación para mejorar la ejecutoría del Laboratorio de la Subdirección de Geotecnia y Materiales del Ministerio de Obras Públicas y Transportes | ||
| 260 | |c 2006 |a [San José, Costa Rica] | ||
| 300 | |a viii, 279 hojas en varias foliaciones : ilustraciones | ||
| 500 | |a Proyecto de graduación (licenciatura en ingeniería industrial)--Universidad de Costa Rica. Facultad de Ingeniería. Escuela de Ingeniería Industrial | ||
| 650 | |x COSTA RICA. MINISTERIO DE OBRAS PUBLICAS Y TRANSPORTES. SUBDIRECCION DE GEOTECNIA Y MATERIALES |x ADMINISTRACION |x LABORATORIOS |x ANALISIS DE COSTOS |x PROGRAMACION (ADMINISTRACION) |x PRESUPUESTO POR PROGRAMA |9 5769 | ||
| 700 | |9 5770 |a Martínez Loáciga, Francisco | ||
| 942 | |c TFG | ||
| 999 | |c 17241 |d 17241 | ||
